Statystyki dla Losowe 31 Państw na mapie Afryki

Kliknij tutaj aby rozwiązać quiz!

Ogólne statystyki

  • Ten quiz został rozwiązany 38 razy
  • Średni wynik to 28 z 31

Odpowiedzi na mapie

Odpowiedzi skodowane kolorowo w zielono-czerwonej skali na mapie do tego quizu, zgodnie z poniższymi procentami.
 

Statystyki odpowiedzi

Państwa Afryki% Poprawnych
Algieria
100%
Angola
100%
Botswana
100%
Czad
100%
Demokratyczna Republika Konga
100%
Dżibuti
100%
Egipt
100%
Erytrea
100%
Gabon
100%
Gambia
100%
Kongo
100%
Libia
100%
Madagaskar
100%
Mali
100%
Maroko
100%
Niger
100%
Nigeria
100%
Republika Południowa Afryka
100%
Republika Środkowoafrykańska
100%
Senegal
100%
Seszele
100%
Somalia
100%
Sudan
100%
Tunezja
100%
Togo
91%
Benin
90%
Etiopia
90%
Wybrzeże Kości Słoniowej
89%
Komory
88%
Tanzania
88%
Kenia
86%
Mauretania
86%
Sudan Południowy
86%
Burundi
83%
Gwinea
82%
Kamerun
80%
Ghana
75%
Liberia
75%
Malawi
75%
Uganda
75%
Lesotho
71%
Republika Zielonego Przylądka
71%
Zambia
71%
Namibia
70%
Rwanda
70%
Eswatini
67%
Gwinea Bissau
67%
Gwinea Równikowa
67%
Mozambik
67%
Sierra Leone
67%
Wyspy Świętego
Tomasza i Książęca
67%
Zimbabwe
67%
Burkina Faso
56%
Mauritius
20%

Rozkład punktacji

Percentyl według liczby udzielonych odpowiedzi

Procent ludzi z każdym wynikiem

Twoja historia wyników

Nie rozwiązałeś tego quizu